[Event "Senta op 21st"]
[Site "Senta"]
[Date "2017.07.31"]
[Round "9"]
[White "Nagy, Aleksz M"]
[Black "Slavic, Nikola"]
[Result "1/2-1/2"]
[WhiteElo "1985"]
[BlackElo "1872"]
[PlyCount "104"]
[EventDate "2017.07.24"]
[EventType "swiss"]
[EventRounds "9"]
[EventCountry "SRB"]
[SourceTitle "CBM 179 Extra"]
[Source "ChessBase"]
[SourceDate "2017.08.23"]
[SourceVersion "1"]
[SourceVersionDate "2017.08.23"]
[SourceQuality "1"]

1. e4 e6 2. d4 d5 3. Nd2 dxe4 4. Nxe4 Bd7 5. Nf3 Bc6 6. Bd3 Nd7 7. Qe2 Bxe4 8. Bxe4 c6 9. Bd2 Ngf6 10. Bd3 a5 11. 0-0 Bd6 12. Bg5 Qc7 13. Bxf6 Nxf6 14. Rfe1 0-0 15. Ne5 g6 16. Qf3 Kg7 17. h4 h5 18. Re2 Bxe5 19. dxe5 Ng4 20. Qf4 Qe7 21. f3 Nh6 22. Rd1 Rad8 23. Red2 Ng8 24. Be4 Rxd2 25. Rxd2 Rd8 26. Rd6 Rxd6 27. exd6 Qd8 28. c4 Nf6 29. Qe5 Kg8 30. Qg5 Kg7 31. c5 Kf8 32. a3 Kg7 33. b4 axb4 34. axb4 Qd7 35. Qe5 Qd8 36. b5 Qa5 37. Bd3 cxb5 38. d7 b4 39. Kh1 Qd8 40. Bb5 Kg8 41. Qd6 Nd5 42. g3 b3 43. Qe5 Kh7 44. Qg5 Nf6 45. Qd2 Nxd7 46. Bxd7 b2 47. Qxb2 Qxd7 48. Kg2 Qd5 49. Qc3 e5 50. Kf2 f5 51. Qb4 Qc6 52. Ke3 Qd5 1/2-1/2

[Event "Senta-ch"]
[Site "Senta"]
[Date "2017.02.19"]
[Round "9"]
[White "Molnar Gabor, Roland"]
[Black "Nagy, Aleksz M"]
[Result "1/2-1/2"]
[WhiteElo "1930"]
[BlackElo "1889"]
[PlyCount "58"]
[EventDate "2017.01.20"]
[EventType "swiss"]
[EventRounds "9"]
[EventCountry "SRB"]
[SourceTitle "EXT 2018"]
[Source "ChessBase"]
[SourceDate "2017.10.13"]
[SourceVersion "1"]
[SourceVersionDate "2017.10.13"]
[SourceQuality "1"]

1. e4 c5 2. c3 d5 3. exd5 Qxd5 4. d4 Nf6 5. Nf3 Bg4 6. Be2 e6 7. h3 Bh5 8. 0-0 Nc6 9. Be3 Be7 10. dxc5 0-0 11. Qb3 Qxb3 12. axb3 Nd5 13. b4 Nxe3 14. fxe3 a6 15. Nbd2 Rfd8 16. Nc4 Bf6 17. Rfd1 Be7 18. Rxd8+ Rxd8 19. Rd1 Rxd1+ 20. Bxd1 Kf8 21. g4 Bg6 22. Nd4 Bd3 23. Nxc6 Bxc4 24. Nxe7 Kxe7 25. Bf3 Bd5 26. e4 Bc6 27. Kf2 Kf6 28. h4 Ke5 29. Ke3 h6 1/2-1/2

[Event "Senta-ch"]
[Site "Senta"]
[Date "2017.02.17"]
[Round "7"]
[White "Juhasz, Bencze"]
[Black "Nagy, Aleksz M"]
[Result "1-0"]
[WhiteElo "2153"]
[BlackElo "1889"]
[PlyCount "47"]
[EventDate "2017.01.20"]
[EventType "swiss"]
[EventRounds "9"]
[EventCountry "SRB"]
[SourceTitle "EXT 2018"]
[Source "ChessBase"]
[SourceDate "2017.10.13"]
[SourceVersion "1"]
[SourceVersionDate "2017.10.13"]
[SourceQuality "1"]

1. e4 c5 2. Nf3 d6 3. d4 cxd4 4. Nxd4 Nf6 5. Nc3 a6 6. Bg5 e6 7. f4 Be7 8. Qf3 Qc7 9. 0-0-0 Nbd7 10. Bd3 b5 11. Rhe1 Bb7 12. Qg3 b4 13. Nd5 Bxd5 14. exd5 Nxd5 15. Be4 N7b6 16. Bxe7 Qxe7 17. Nf5 Qf6 18. Rxd5 Nxd5 19. Bxd5 Rd8 20. Nxg7+ Kf8 21. Nxe6+ fxe6 22. Rxe6 Qf5 23. Qh4 Qxd5 24. Qxd8+ 1-0

[Event "Senta-ch"]
[Site "Senta"]
[Date "2017.02.04"]
[Round "5"]
[White "Pacal, Mihaly"]
[Black "Nagy, Aleksz M"]
[Result "1/2-1/2"]
[WhiteElo "2117"]
[BlackElo "1889"]
[PlyCount "93"]
[EventDate "2017.01.20"]
[EventType "swiss"]
[EventRounds "9"]
[EventCountry "SRB"]
[SourceTitle "EXT 2018"]
[Source "ChessBase"]
[SourceDate "2017.10.13"]
[SourceVersion "1"]
[SourceVersionDate "2017.10.13"]
[SourceQuality "1"]

1. e4 c5 2. d4 cxd4 3. c3 d3 4. Bxd3 d6 5. h3 g6 6. Nf3 Bg7 7. c4 Nf6 8. Nc3 Nbd7 9. 0-0 0-0 10. Be3 a6 11. Rc1 b6 12. b4 Bb7 13. Nd2 Ne5 14. Be2 Nc6 15. a3 Nd7 16. Nb3 Rc8 17. f4 Re8 18. Qd2 Nf8 19. Rfd1 Nb8 20. Bd3 Qc7 21. Nd5 Bxd5 22. cxd5 Qb7 23. a4 Nfd7 24. a5 b5 25. Rxc8 Rxc8 26. Rc1 e6 27. dxe6 fxe6 28. Nd4 Nf8 29. f5 Rxc1+ 30. Qxc1 exf5 31. Qc2 fxe4 32. Bxe4 d5 33. Qb3 Kh8 34. Bxd5 Qe7 35. Nf3 Nbd7 36. Ng5 Ne5 37. Bf4 h6 38. Ne4 g5 39. Be3 Nc4 40. Bc5 Qe5 41. Bxc4 Qxe4 42. Bd3 Qe1+ 43. Bf1 Ng6 44. Qe3 Qxe3+ 45. Bxe3 Bc3 46. Bc5 Ne5 47. Be2 1/2-1/2

[Event "Senta-ch"]
[Site "Senta"]
[Date "2017.01.20"]
[Round "1"]
[White "Nagy, Aleksz M"]
[Black "Szakal, Sandor"]
[Result "1-0"]
[WhiteElo "1889"]
[BlackElo "1454"]
[PlyCount "33"]
[EventDate "2017.01.20"]
[EventType "swiss"]
[EventRounds "9"]
[EventCountry "SRB"]
[SourceTitle "EXT 2018"]
[Source "ChessBase"]
[SourceDate "2017.10.13"]
[SourceVersion "1"]
[SourceVersionDate "2017.10.13"]
[SourceQuality "1"]

1. e4 e6 2. d4 d5 3. Nc3 c5 4. Be3 cxd4 5. Bxd4 Nc6 6. Bb5 a6 7. Bxc6+ bxc6 8. exd5 cxd5 9. Nge2 Bd6 10. Bxg7 Qb6 11. Bxh8 Qxb2 12. Rb1 Qa3 13. 0-0 Rb8 14. Rxb8 Bxb8 15. Qd4 Qd6 16. f4 Nh6 17. Be5 1-0

[Event "Senta-ch"]
[Site "Senta"]
[Date "2016.01.31"]
[Round "6"]
[White "Jankov, Danijel"]
[Black "Nagy, Aleksz M"]
[Result "0-1"]
[WhiteElo "1577"]
[BlackElo "1807"]
[PlyCount "40"]
[EventDate "2016.01.22"]
[EventType "swiss"]
[EventRounds "9"]
[EventCountry "SRB"]
[SourceTitle "CBM 170 Extra"]
[Source "ChessBase"]
[SourceDate "2016.02.25"]
[SourceVersion "1"]
[SourceVersionDate "2016.02.25"]
[SourceQuality "1"]

1. d4 d5 2. c4 e6 3. Nc3 Nf6 4. Bf4 c6 5. e3 Nbd7 6. Nf3 Be7 7. Bd3 dxc4 8. Bxc4 b5 9. Bd3 Bb7 10. Rc1 a6 11. Ne4 Nxe4 12. Bxe4 Qb6 13. 0-0 Nf6 14. Bd3 c5 15. Re1 0-0 16. Bg5 Rac8 17. dxc5 Rxc5 18. Rxc5 Qxc5 19. Qe2 Bxf3 20. Qxf3 Qxg5 0-1

[Event "Senta-ch"]
[Site "Senta"]
[Date "2016.01.30"]
[Round "5"]
[White "Nagy, Aleksz M"]
[Black "Farkas, Tibor"]
[Result "0-1"]
[WhiteElo "1807"]
[BlackElo "2271"]
[PlyCount "48"]
[EventDate "2016.01.22"]
[EventType "swiss"]
[EventRounds "9"]
[EventCountry "SRB"]
[SourceTitle "CBM 170 Extra"]
[Source "ChessBase"]
[SourceDate "2016.02.25"]
[SourceVersion "1"]
[SourceVersionDate "2016.02.25"]
[SourceQuality "1"]

1. e4 c5 2. Nf3 e6 3. d4 cxd4 4. Nxd4 a6 5. c4 Nf6 6. Nc3 Qc7 7. Be2 Bb4 8. f3 Bxc3+ 9. bxc3 d6 10. 0-0 Nbd7 11. Ba3 Nc5 12. Qd2 b6 13. Rfd1 Bb7 14. Nc2 Rd8 15. Qg5 0-0 16. Bxc5 bxc5 17. Ne3 Bc6 18. Ng4 Nxg4 19. Qxg4 Qa5 20. Rd3 Ba4 21. Qf4 Bc2 22. Rd2 Qxc3 23. Rc1 e5 24. Qg5 f6 0-1

[Event "Senta-ch"]
[Site "Senta"]
[Date "2016.01.29"]
[Round "4"]
[White "Lorincz, Laszlo"]
[Black "Nagy, Aleksz M"]
[Result "0-1"]
[WhiteElo "1833"]
[BlackElo "1807"]
[PlyCount "98"]
[EventDate "2016.01.22"]
[EventType "swiss"]
[EventRounds "9"]
[EventCountry "SRB"]
[SourceTitle "CBM 170 Extra"]
[Source "ChessBase"]
[SourceDate "2016.02.25"]
[SourceVersion "1"]
[SourceVersionDate "2016.02.25"]
[SourceQuality "1"]

1. d4 d5 2. Bf4 Nf6 3. Nf3 e6 4. e3 c6 5. c3 Be7 6. Nbd2 Nbd7 7. Rc1 0-0 8. Bd3 b6 9. Bb1 Bb7 10. Qc2 Re8 11. Ne5 Nf8 12. Qa4 c5 13. 0-0 a6 14. Ndf3 b5 15. Qd1 c4 16. Ng5 Qb6 17. Ngxf7 a5 18. Ng5 b4 19. h3 a4 20. Re1 a3 21. Re2 b3 22. axb3 a2 23. Bc2 cxb3 24. Bd3 Ba6 25. Ra1 Rec8 26. Bxa6 Rxa6 27. Nd3 Qb5 28. Nf3 N8d7 29. Nfe5 Nxe5 30. Bxe5 Ne4 31. f3 Nxc3 32. bxc3 Rxc3 33. Nb2 Rac6 34. Qe1 Rc2 35. Rxc2 Rxc2 36. Qg3 Bf8 37. Qg4 Qc6 38. Nd3 b2 39. Nxb2 Rxb2 40. Kh2 h6 41. Qg6 Qd7 42. Bf4 Bd6 43. Qd3 Bxf4+ 44. exf4 Qf7 45. Qd1 Qxf4+ 46. Kh1 Qg5 47. Qf1 Qd2 48. Qg1 Qc2 49. Rc1 Qxc1 0-1

[Event "Senta-ch"]
[Site "Senta"]
[Date "2015.02.22"]
[Round "9"]
[White "Toth, Kazmer"]
[Black "Nagy, Aleksz M"]
[Result "1-0"]
[WhiteElo "1974"]
[BlackElo "1681"]
[PlyCount "75"]
[EventDate "2015.01.30"]
[EventType "swiss"]
[EventRounds "9"]
[EventCountry "SRB"]
[SourceTitle "EXT 2016"]
[Source "ChessBase"]
[SourceDate "2015.10.08"]
[SourceVersion "1"]
[SourceVersionDate "2015.10.08"]
[SourceQuality "1"]

1. d4 d5 2. c4 e6 3. Nc3 Nf6 4. Bg5 Be7 5. e3 c6 6. Nf3 Nbd7 7. Bd3 dxc4 8. Bxc4 b5 9. Bd3 Bb7 10. a3 a6 11. 0-0 c5 12. Rc1 Rc8 13. Bxf6 Bxf6 14. Be4 Qb6 15. d5 exd5 16. Bxd5 0-0 17. e4 Ne5 18. Qe2 Rfd8 19. Rfd1 Nc6 20. Qe3 Re8 21. b4 Bd4 22. Qf4 Re7 23. Bxc6 Bxc6 24. Nxd4 cxd4 25. Nd5 Qb7 26. Nxe7+ Qxe7 27. Rxd4 h6 28. f3 Qa7 29. Rc5 a5 30. Qc1 axb4 31. axb4 Kh7 32. Kh1 Qb7 33. Rd6 Bd7 34. Rxc8 Bxc8 35. Qc5 Be6 36. h3 Bc4 37. Qf5+ g6 38. Qf6 1-0

[Event "Senta-ch"]
[Site "Senta"]
[Date "2015.02.21"]
[Round "8"]
[White "Nagy, Aleksz M"]
[Black "Mrzic, Branko"]
[Result "0-1"]
[WhiteElo "1681"]
[BlackElo "1877"]
[PlyCount "100"]
[EventDate "2015.01.30"]
[EventType "swiss"]
[EventRounds "9"]
[EventCountry "SRB"]
[SourceTitle "EXT 2016"]
[Source "ChessBase"]
[SourceDate "2015.10.08"]
[SourceVersion "1"]
[SourceVersionDate "2015.10.08"]
[SourceQuality "1"]

1. e4 e6 2. d4 d5 3. Nc3 Nf6 4. e5 Nfd7 5. Nce2 c5 6. c3 Nc6 7. f4 cxd4 8. cxd4 Bb4+ 9. Bd2 Qa5 10. Bc3 Nb6 11. Nf3 Na4 12. Qd2 Bd7 13. a3 Nxc3 14. Nxc3 Bxc3 15. Qxc3 Rc8 16. Rc1 0-0 17. Kd2 Nxd4 18. Qxa5 Nb3+ 19. Ke3 Nxa5 20. Bd3 Nc4+ 21. Bxc4 Rxc4 22. Rxc4 dxc4 23. Rc1 Rc8 24. Nd2 b5 25. Ne4 Bc6 26. g3 Bd5 27. Nc3 Bc6 28. Rd1 a5 29. Ne4 Bxe4 30. Kxe4 Kf8 31. Rc1 Ke7 32. Kd4 Kd7 33. Rc2 Kc6 34. a4 Rd8+ 35. Ke4 Kc5 36. axb5 Kxb5 37. g4 Kb4 38. h4 Rc8 39. Kd4 a4 40. h5 Kb3 41. Re2 c3 42. bxc3 Rxc3 43. g5 a3 44. f5 exf5 45. g6 hxg6 46. hxg6 fxg6 47. e6 Rc8 48. Ke5 Ra8 49. e7 a2 50. Re1 a1Q+ 0-1

[Event "Senta-ch"]
[Site "Senta"]
[Date "2015.02.15"]
[Round "7"]
[White "Solymosi, Andras"]
[Black "Nagy, Aleksz M"]
[Result "1-0"]
[WhiteElo "1957"]
[BlackElo "1681"]
[PlyCount "111"]
[EventDate "2015.01.30"]
[EventType "swiss"]
[EventRounds "9"]
[EventCountry "SRB"]
[SourceTitle "EXT 2016"]
[Source "ChessBase"]
[SourceDate "2015.10.08"]
[SourceVersion "1"]
[SourceVersionDate "2015.10.08"]
[SourceQuality "1"]

1. c4 e6 2. Nf3 d5 3. d4 c6 4. g3 Nf6 5. Bg2 Be7 6. 0-0 Nbd7 7. b3 b6 8. Nc3 Bb7 9. Bb2 0-0 10. Rc1 c5 11. cxd5 exd5 12. e3 Rc8 13. Re1 Re8 14. Nh4 g6 15. dxc5 Nxc5 16. Bh3 Rb8 17. Ng2 a6 18. Nf4 g5 19. Nfe2 Bc8 20. Bg2 Be6 21. Nd4 Rc8 22. b4 Nce4 23. Nxe4 dxe4 24. Nxe6 fxe6 25. Qb3 Qd5 26. Qa4 Qb7 27. b5 axb5 28. Qxb5 h6 29. Bd4 Qd5 30. Qb2 Nd7 31. Bh8 e5 32. Rcd1 Qe6 33. Bxe4 Kxh8 34. Rxd7 Qxd7 35. Qxe5+ Bf6 36. Qxf6+ Qg7 37. Qf5 Rc5 38. Qg4 Qf6 39. Re2 Rc1+ 40. Kg2 Rc4 41. Qf5 Qg7 42. Bd3 Rc5 43. Qg6 Qxg6 44. Bxg6 Ra8 45. Bf7 Kg7 46. Bb3 Rd8 47. e4 Kf6 48. f4 gxf4 49. gxf4 Rd4 50. e5+ Ke7 51. f5 Rc8 52. f6+ Kf8 53. e6 Rf4 54. e7+ Ke8 55. f7+ Rxf7 56. Ba4+ 1-0

[Event "Senta-ch"]
[Site "Senta"]
[Date "2015.01.30"]
[Round "1"]
[White "Nagy, Aleksz M"]
[Black "Simonyi, Zoltan"]
[Result "0-1"]
[WhiteElo "1681"]
[BlackElo "2243"]
[PlyCount "40"]
[EventDate "2015.01.30"]
[EventType "swiss"]
[EventRounds "9"]
[EventCountry "SRB"]
[SourceTitle "EXT 2016"]
[Source "ChessBase"]
[SourceDate "2015.10.08"]
[SourceVersion "1"]
[SourceVersionDate "2015.10.08"]
[SourceQuality "1"]

1. e4 g6 2. d4 Bg7 3. c4 d6 4. Nc3 e5 5. d5 Nh6 6. Bd3 0-0 7. Nge2 f5 8. g3 Nd7 9. Be3 Ng4 10. Qd2 Nxe3 11. Qxe3 f4 12. gxf4 exf4 13. Qd2 f3 14. Ng3 Qh4 15. Nf1 Ne5 16. Ne3 Bh3 17. 0-0-0 Nxd3+ 18. Qxd3 Qxf2 19. Kb1 Rae8 20. Rd2 Qh4 0-1

[Event "SRB-ch U16"]
[Site "Subotica"]
[Date "2014.04.21"]
[Round "6"]
[White "Cevizovic, Milos"]
[Black "Nagy, Aleksz M"]
[Result "1/2-1/2"]
[WhiteElo "1667"]
[BlackElo "1621"]
[PlyCount "82"]
[EventDate "2014.04.17"]
[EventType "swiss"]
[EventRounds "9"]
[EventCountry "SRB"]
[SourceTitle "CBM 160 Extra"]
[Source "ChessBase"]
[SourceDate "2014.07.01"]
[SourceVersion "1"]
[SourceVersionDate "2014.07.01"]
[SourceQuality "1"]

1. e4 c5 2. Nf3 d6 3. d4 cxd4 4. Nxd4 Nf6 5. Nc3 Nc6 6. Be3 e6 7. Bc4 Be7 8. 0-0 0-0 9. f4 a6 10. Bb3 Nxd4 11. Bxd4 b5 12. a3 Bb7 13. e5 dxe5 14. Bxe5 Qxd1 15. Raxd1 Rfd8 16. h3 h6 17. Kh2 Ne4 18. Nxe4 Bxe4 19. Rde1 Bb7 20. Re2 Bd5 21. Bxd5 Rxd5 22. Bc3 Rad8 23. Ree1 Rc8 24. Rf3 Bf6 25. Bxf6 gxf6 26. Re2 Rd1 27. f5 e5 28. b4 Rc1 29. Rff2 Rc3 30. Rf3 R3xc2 31. Rxc2 Rxc2 32. Re3 Kf8 33. Kg3 Ke7 34. Kf3 Rc4 35. g4 Kd6 36. Rd3+ Rd4 37. Rxd4+ exd4 38. Ke4 d3 39. Kxd3 Kd5 40. h4 Ke5 41. Ke3 Kd5 1/2-1/2